000
00206nam a2200085Ia 4500
008
170617s9999 xx 000 0 und d
100
_a
Bakhru H.K
245
4
_a
The Complete Handbook of Nature Care
260
_b
Jaico Pub
260
_c
2016
999
_c
15626
_d
15626